Préfectures de France : Bourges - Statistiques

Statistiques générales
  • Ce quiz a été pris 80 fois
  • Le résultat moyen est 12 sur 29
Statistiques - réponses
Question Réponse % Correct
Quel numéro porte celui-ci ? 18
100%
De quel département est-ce la préfecture ? Cher
98%
A quelle région administrative appartenait-elle auparavant ? Centre
81%
A quelle région administrative appartient la ville depuis 2015 ? Centre-Val-de-Loire
81%
Le journal local est Le Berry {républicain}
75%
La cathédrale est dédiée à St {Etienne}
70%
Comment se nomment ses habitants ? Berruyers | Berruyères
67%
La ville appartient à l'académie de Orléans-Tours
67%
La couleur de fond de son blason est le/l' bleu
66%
La couleur de fond de son blason est le/l' rouge
63%
La ville est la capitale historique de la province d'/de Berry
61%
Les communes limitrophes au nord sont Saint-Doulchard
61%
Quelles sont les sous-préfectures qui en dépendent ? Vierzon
61%
La ville est desservie par l'autoroute A71
53%
La ville appartient au diocèse de/d' Bourges
48%
Quelles sont les sous-préfectures qui en dépendent ? Saint-Amand-Montrond
47%
Spécialité culinaire Bonbon, la {Forestine}
23%
Les communes limitrophes au nord sont Saint-Germain-du-Puy
23%
Ville européenne jumelée avec la ville (2 possible) Augsbourg | Aveiro | Forli | Iochkar-Ola | Koszalin | Palencia | Peterborough
13%
Les communes limitrophes au nord sont Vasselay
9%
Marais classés en 2003 comme monuments naturels de la {Voiselle}
8%
La ville est située près du centre {géométrique} de la France
6%
Spécialité culinaire Pâtisserie, le {Zizi}
6%
Spécialité culinaire Bière, la {Crécelle}
5%
Marais classés en 2003 comme monuments naturels de l'{Yèvres}
5%
La principale gare a été mise en service en 1847
3%
Spécialité culinaire Les crépiaux ou {sanciaux}
3%
Les communes limitrophes au nord sont Saint-Michel-de-Volangis
3%
Les communes limitrophes au nord sont Fussay
0%
Aucun quiz correspondant
Distribution des résultats
% des personnes avec chaque résultat
Percentile par nombre de réponses
Votre historique - résultats
Vous n’avez pas pris ce quiz